[Event "24.Schlosspark-Open"]
[Site "Wiesbaden-Biebrich"]
[Date "2012.08.23"]
[Round "1.81"]
[White "Kannenberg, Carl-Fr"]
[Black "Viol, Julius"]
[Result "1-0"]
[WhiteElo "1939"]
[BlackElo "846"]
[PlyCount "111"]
[EventDate "2012.??.??"]
[WhiteTeam "SAbt TuS Dotzheim"]
[BlackTeam "FC 1934 Wiesbaden-Bierstadt"]

1. e4 Nf6 2. Nc3 d5 3. exd5 Nxd5 4. Nxd5 Qxd5 5. Nf3 a6 6. Be2 Bf5 7. d3 Nc6 8.
O-O g6 9. a3 Qd8 10. Be3 Bg7 11. Qc1 h6 12. Rb1 Be6 13. Rd1 Ba2 14. Ra1 Bd5 15.
c4 Be6 16. d4 Na5 17. Qc2 c6 18. b4 Bf5 19. Qc3 b6 20. bxa5 bxa5 21. Ne5 Qd6
22. c5 Qd5 23. Bc4 Qe4 24. Bxf7+ Kf8 25. f3 Qh4 26. Nxg6+ Bxg6 27. Bxg6 Qf6 28.
Qd3 Rg8 29. Qf5 Qxf5 30. Bxf5 Kf7 31. Rab1 Rab8 32. Rxb8 Rxb8 33. Rb1 Rxb1+ 34.
Bxb1 h5 35. a4 e5 36. dxe5 Bxe5 37. Be4 Ke6 38. Bxc6 Bc7 39. g3 Ke5 40. Kg2 Bd8
41. f4+ Ke6 42. Kf3 Bc7 43. h3 Kf6 44. g4 hxg4+ 45. hxg4 Kg6 46. Ke4 Kf6 47.
Bd4+ Kf7 48. Kf5 Kf8 49. Be5 Bxe5 50. fxe5 Kf7 51. e6+ Ke7 52. g5 Kf8 53. Kf6
Kg8 54. g6 Kf8 55. e7+ Kg8 56. e8=R# 1-0

[Event "24.Schlosspark-Open"]
[Site "Wiesbaden-Biebrich"]
[Date "2012.08.23"]
[Round "1.82"]
[White "Nam, Seung-Zin"]
[Black "Karthaus, Carsten"]
[Result "0-1"]
[WhiteElo "714"]
[BlackElo "1939"]
[PlyCount "58"]
[EventDate "2012.??.??"]
[WhiteTeam "SF Schwarz-Weiß Merzhausen"]
[BlackTeam "SC Murrhardt 1948 e.V."]

1. d4 d5 2. c4 c6 3. Nc3 Nf6 4. e3 e6 5. Nf3 Bd6 6. h3 Nbd7 7. c5 Bc7 8. Bd3 e5
9. a3 e4 10. Nxe4 dxe4 11. Bc4 exf3 12. Qxf3 Qe7 13. e4 Qxe4+ 14. Be3 Qxf3 15.
gxf3 Nf8 16. Rg1 Ng6 17. Bd3 Bxh3 18. Kd2 Nd5 19. Rae1 O-O-O 20. Rh1 Bg2 21.
Bf5+ Kb8 22. Bg5 Bf4+ 23. Bxf4+ Ndxf4 24. Rhg1 Bxf3 25. Rg3 Bd5 26. Rge3 Ng2
27. Bxg6 Nxe3 28. Rxe3 hxg6 29. Re7 Rde8 0-1

[Event "24.Schlosspark-Open"]
[Site "Wiesbaden-Biebrich"]
[Date "2012.08.23"]
[Round "1.83"]
[White "Jamali, Wahid"]
[Black "Lochmann, Tobias"]
[Result "1-0"]
[WhiteElo "1936"]
[BlackElo "686"]
[PlyCount "71"]
[EventDate "2012.??.??"]
[WhiteTeam "SC Flörsheim 1921"]
[BlackTeam "SV 1946 Groß-Gerau"]

1. d4 d5 2. Bf4 Nc6 3. e3 Nf6 4. Nf3 Bf5 5. Bb5 e6 6. Ne5 Bb4+ 7. c3 Ba5 8.
Bxc6+ bxc6 9. Nxc6 Qc8 10. Nxa5 O-O 11. Nc6 Qd7 12. Ne5 Qb5 13. Qb3 Qe8 14. Nd2
Ng4 15. Nxg4 Bxg4 16. Bxc7 Qd7 17. Bg3 Rfc8 18. O-O Be2 19. Rfe1 Ba6 20. Qc2 g6
21. Nb3 e5 22. Bxe5 Rc6 23. Nc5 Qf5 24. Qxf5 gxf5 25. Nxa6 Rxa6 26. Rec1 f6 27.
Bf4 Rc6 28. g3 Rac8 29. Rc2 Rb6 30. b3 Rcc6 31. c4 dxc4 32. Rxc4 Re6 33. Rac1
Red6 34. Bxd6 Rxd6 35. Rc7 Ra6 36. Rb7 1-0

[Event "24.Schlosspark-Open"]
[Site "Wiesbaden-Biebrich"]
[Date "2012.08.23"]
[Round "1.84"]
[White "Schreer, Maxima"]
[Black "Larem, Peter"]
[Result "0-1"]
[WhiteElo "674"]
[BlackElo "1935"]
[PlyCount "52"]
[EventDate "2012.??.??"]
[WhiteTeam "SV 1920 Hofheim"]
[BlackTeam "Schach-Spielgemeinschaft Röderma"]

1. e4 e5 2. Nf3 Nf6 3. Nxe5 d6 4. Nf3 Nxe4 5. Qe2 Qe7 6. d3 Nf6 7. Be3 Nc6 8.
Nc3 d5 9. d4 Bf5 10. O-O-O O-O-O 11. Qe1 Nb4 12. a3 Nxc2 13. Qe2 Nxe3 14. fxe3
g6 15. Qf2 Ng4 16. Qe1 Nxe3 17. Rd2 Bh6 18. Rf2 Nxf1+ 19. Kd1 Ne3+ 20. Kc1
Nxg2+ 21. Nd2 Nxe1 22. Re2 Nd3+ 23. Kb1 Qf6 24. Ka1 Qxd4 25. Nb3 Qb6 26. Nd2
Qxb2# 0-1